| 000 | 01271cam a22003614a 4500 | ||
|---|---|---|---|
| 001 | 13350218 | ||
| 003 | OSt | ||
| 005 | 20251210133003.0 | ||
| 008 | 030924s2004 nju b 001 0 eng | ||
| 010 | _a 2003066362 | ||
| 020 |
_a0875525520 _qpbk. |
||
| 020 |
_a9780875525525 _q(pbk.) |
||
| 035 | _a13350218 | ||
| 040 |
_aDLC _cDLC _dDLC |
||
| 042 | _apcc | ||
| 050 | 0 | 0 |
_aBT819.5 _b.W52 2004 |
| 082 | 0 | 0 |
_a236 _222 |
| 245 | 0 | 0 |
_aWhen shall these things be? : _ba reformed response to hyper-preterism / _cedited by Keith A. Mathison. |
| 260 |
_aPhillipsburg, N.J. : _bP & R Pub., _cc2004. |
||
| 300 |
_axxii, 376 p. ; _c23 cm. |
||
| 336 |
_atext _btxt _2rdacontent |
||
| 337 |
_aunmediated _bn _2rdamedia |
||
| 338 |
_avolume _bnc _2rdacarrier |
||
| 504 | _aIncludes bibliographical references and indexes. | ||
| 650 | 0 |
_aRealized eschatology _xHistory. |
|
| 650 | 0 |
_aEschatology _xHistory of doctrines. |
|
| 650 | 0 |
_aReformed Church _xDoctrines _xHistory. |
|
| 700 | 1 |
_aMathison, Keith A., _d1967- |
|
| 906 |
_a7 _bcbc _corignew _d1 _eocip _f20 _gy-gencatlg |
||
| 942 |
_2lcc _cBK |
||
| 999 |
_c21004 _d21003 |
||